Design of concrete structures (Record no. 3628)

000 -LEADER
fixed length control field 00663nam a2200229 a 4500
001 - CONTROL NUMBER
control field 3628
003 - CONTROL NUMBER IDENTIFIER
control field BD-DhUET
008 - FIXED-LENGTH DATA ELEMENTS--GENERAL INFORMATION
fixed length control field 850621s1985 enka b 101 0 eng
020 ## - INTERNATIONAL STANDARD BOOK NUMBER
International Standard Book Number 007Y665486
040 ## - CATALOGING SOURCE
Original cataloging agency DLC
Transcribing agency DLC
Modifying agency BD-DhUET
082 00 - DEWEY DECIMAL CLASSIFICATION NUMBER
Classification number 624.183
Item number NIL/1986
100 ## - MAIN ENTRY--PERSONAL NAME
Personal name Nilson, Arthur H.
245 00 - TITLE STATEMENT
Title Design of concrete structures
Statement of responsibility, etc. by Arthur H. Nilson and George Winter
250 ## - EDITION STATEMENT
Edition statement 10th ed.
260 ## - PUBLICATION, DISTRIBUTION, ETC. (IMPRINT)
Place of publication, distribution, etc. New York:
Name of publisher, distributor, etc. McGraw Hill Book Company,
Date of publication, distribution, etc. 1986.
300 ## - PHYSICAL DESCRIPTION
Extent xi, 380 p. :
Other physical details ill. ;
Dimensions 23 cm.
490 ## - SERIES STATEMENT
Series statement Civil engineering series
504 ## - BIBLIOGRAPHY, ETC. NOTE
Bibliography, etc Includes bibliographies
650 #0 - SUBJECT ADDED ENTRY--TOPICAL TERM
Topical term or geographic name as entry element Reinforced concrete
700 ## - ADDED ENTRY--PERSONAL NAME
Personal name Winter, George
942 ## - ADDED ENTRY ELEMENTS (KOHA)
Koha item type General Book
Holdings
Koha date last seen Koha issues (times borrowed) Damaged status Withdrawn status Location (home branch) Sublocation or collection (holding branch) Koha renewals Not for loan Koha date last borrowed Source of classification or shelving scheme Shelving location Koha full call number Copy number Date acquired Piece designation (barcode) Koha item type Lost status Koha out on loan Price effective from Koha normalized classification for sorting
2026-02-236  Central Library, BUETCentral Library, BUET1 2026-02-23 Circulation section624.183/NIL/198612014-11-0277873General Book 2027-02-232014-11-02624_000000000000000_183NIL1986
2024-12-04   Central Library, BUETCentral Library, BUET    Rental section624.183 NIL/1986১০/ক-১1990-10-2377816Rental Item  2024-12-04624_183000000000000_NIL_1986
2024-12-04   Central Library, BUETCentral Library, BUET    Rental section624.183 NIL/1986১০/ক-২1990-10-2377817Rental Item  2024-12-04624_183000000000000_NIL_1986
2024-12-04   Central Library, BUETCentral Library, BUET    Rental section624.183 NIL/1986১০/ক-৩1990-10-2377818Rental Item  2024-12-04624_183000000000000_NIL_1986
2024-12-04   Central Library, BUETCentral Library, BUET    Rental section624.183 NIL/1986১০/ক-৪1990-10-2377819Rental Item  2024-12-04624_183000000000000_NIL_1986
2024-12-04   Central Library, BUETCentral Library, BUET    Rental section624.183 NIL/1986১০/ক-৫1990-10-2377820Rental Item  2024-12-04624_183000000000000_NIL_1986
2024-12-04   Central Library, BUETCentral Library, BUET    Rental section624.183 NIL/1986১০/ক-৬1990-10-2377821Rental Item  2024-12-04624_183000000000000_NIL_1986
2024-12-04   Central Library, BUETCentral Library, BUET    Rental section624.183 NIL/1986১০/ক-৭1990-10-2377822Rental Item  2024-12-04624_183000000000000_NIL_1986
2024-12-04   Central Library, BUETCentral Library, BUET    Rental section624.183 NIL/1986১০/ক-৮1990-10-2377823Rental Item  2024-12-04624_183000000000000_NIL_1986
2024-12-04   Central Library, BUETCentral Library, BUET    Rental section624.183 NIL/1986১০/ক-৯1990-10-2377824Rental Item  2024-12-04624_183000000000000_NIL_1986
2024-12-04   Central Library, BUETCentral Library, BUET    Rental section624.183 NIL/1986১০/ক-১০1990-10-2377825Rental Item  2024-12-04624_183000000000000_NIL_1986
2024-12-04   Central Library, BUETCentral Library, BUET    Rental section624.183 NIL/1986১০/ক-১১1990-10-2377826Rental Item  2024-12-04624_183000000000000_NIL_1986
2024-12-04   Central Library, BUETCentral Library, BUET    Rental section624.183 NIL/1986১০/ক-১২1990-10-2377827Rental Item  2024-12-04624_183000000000000_NIL_1986
2024-12-04   Central Library, BUETCentral Library, BUET    Rental section624.183 NIL/1986১০/ক-১৩1990-10-2377828Rental Item  2024-12-04624_183000000000000_NIL_1986
2024-12-04   Central Library, BUETCentral Library, BUET    Rental section624.183 NIL/1986১০/ক-১৪1990-10-2377829Rental Item  2024-12-04624_183000000000000_NIL_1986
2024-12-04   Central Library, BUETCentral Library, BUET    Rental section624.183 NIL/1986১০/ক-১৫1990-10-2377830Rental Item  2024-12-04624_183000000000000_NIL_1986
2024-12-04   Central Library, BUETCentral Library, BUET    Rental section624.183 NIL/1986১০/ক-১৬1990-10-2377831Rental Item  2024-12-04624_183000000000000_NIL_1986
2024-12-04   Central Library, BUETCentral Library, BUET    Rental section624.183 NIL/1986১০/ক-১৭1990-10-2377832Rental Item  2024-12-04624_183000000000000_NIL_1986
2024-12-04   Central Library, BUETCentral Library, BUET    Rental section624.183 NIL/1986১০/ক-১৮1990-10-2377833Rental Item  2024-12-04624_183000000000000_NIL_1986
2024-12-04   Central Library, BUETCentral Library, BUET    Rental section624.183 NIL/1986১০/ক-১৯1990-10-2377834Rental Item  2024-12-04624_183000000000000_NIL_1986
2024-12-04   Central Library, BUETCentral Library, BUET    Rental section624.183 NIL/1986১০/ক-২০1990-10-2377835Rental Item  2024-12-04624_183000000000000_NIL_1986